| 000 | 01085nam a2200265 i 4500 | ||
|---|---|---|---|
| 001 | 187576 | ||
| 003 | ES-MaACL | ||
| 005 | 20250815004213.0 | ||
| 008 | 171129s2013 sp a |||| | spa d | ||
| 020 | _a978-959-204-341-1 | ||
| 080 | _a972.91 | ||
| 100 | 1 |
_aMéndez Vargas, Lourdes María, _d1959- _9163865 |
|
| 245 | 1 | 0 |
_aArroyo Blanco la ruta cubana de Churchill _bUn episodio de la Guerra del 95 / _cLourdes María Méndez Vargas ; [corrección, Clotilde Hernández Carús]. |
| 260 |
_aSancti Spíritus : _bEdiciones Luminaria, _c2013. |
||
| 300 |
_a269 p. : _bil. ; _c21 cm. |
||
| 490 | 1 | _aPensamiento | |
| 500 | _aDedicatoria autógrafa. | ||
| 650 | 7 |
_aHistoria contemporánea _2embne _913393 |
|
| 700 | 1 |
_aHernández Carús, Clotilde. _9163866 |
|
| 830 | 0 |
_aPensamiento _9178722 |
|
| 852 |
_aES-MaACL _jA-14100 _9194662 _bR.150991 _cDEPO1 _dOlim: N-7100 _gDedicatoria autógrafa de la autora _hDonación: Lourdes María Méndez Vargas |
||
| 903 |
_aMéndez Vargas, Lourdes María, _d1959- _ednr _9163865 |
||
| 942 |
_2udc _cMONOGRAFIA |
||
| 999 |
_c187576 _d187576 |
||